| 000 | 00838nam a2200301Ia 4500 | ||
|---|---|---|---|
| 001 | 8406 | ||
| 005 | 20240113234109.0 | ||
| 007 | ta | ||
| 008 | 050719s1959 a g b000 u eng u | ||
| 020 | _cPB | ||
| 040 | _aCotton College,Assam | ||
| 041 | _aeng | ||
| 082 |
_a940.27 _bPa 18 Ag |
||
| 100 | _aPalmer, R.R. . | ||
| 245 | 0 |
_aThe Age of the Democratic Revolution: A Political History of Europe and America, 1760-1800 / _cR.R. Palmer. _hTextual Documents |
|
| 250 | _a1st ed. / | ||
| 260 |
_aPrinceton : _bPrinceton University Press , _c1959. |
||
| 300 |
_aix, 534p. : _bill ; _c24cm . |
||
| 504 | _aIndex | ||
| 653 | _aHistory-Europe | ||
| 653 | _aDemocratic Revolution | ||
| 653 | _aHistory-America | ||
| 653 | _aPG-History | ||
| 942 |
_2ddc _cBK |
||
| 999 |
_c8393 _d8393 |
||